Mózes Senki nem záratta be a SZIN-t
Elmentve itt :
| Dokumentumtípus: | Cikk |
|---|---|
| Megjelent: |
2009-09-03
|
| Sorozat: | Délmagyarország
99 No. 206 |
| Kulcsszavak: | Szeged, Eseménynaptár Szeged 2009. 08., Zenei élet koncert Szeged, Szegedi Ifjúsági Napok |
| Online Access: | http://dmarchiv.bibl.u-szeged.hu/142587 |
| LEADER | 00491nab a2200145 i 4500 | ||
|---|---|---|---|
| 001 | delm142587 | ||
| 005 | 20200203130757.0 | ||
| 008 | 200203s2009 hu o 0|| hun d | ||
| 040 | |a SZTE Délmagyarország Archívum |b hun | ||
| 041 | |a hun | ||
| 245 | 0 | 0 | |a Mózes |h [elektronikus dokumentum] : |b Senki nem záratta be a SZIN-t |
| 260 | |c 2009-09-03 | ||
| 300 | |a 5 | ||
| 490 | 0 | |a Délmagyarország |v 99 No. 206 | |
| 695 | |a Szeged, Eseménynaptár Szeged 2009. 08., Zenei élet koncert Szeged, Szegedi Ifjúsági Napok | ||